<?xml version="1.0" encoding="UTF-8"?>
<record
    xmlns:xsi="http://www.w3.org/2001/XMLSchema-instance"
    xsi:schemaLocation="http://www.loc.gov/MARC21/slim http://www.loc.gov/standards/marcxml/schema/MARC21slim.xsd"
    xmlns="http://www.loc.gov/MARC21/slim">

  <leader>01065cas a2200313 a 4500</leader>
  <controlfield tag="001">000046352</controlfield>
  <controlfield tag="003">DLC</controlfield>
  <controlfield tag="005">20250611114346.0</controlfield>
  <controlfield tag="007">ta</controlfield>
  <controlfield tag="008">150731c2014    dr fr1p|d    ||   z0spa d</controlfield>
  <datafield tag="022" ind1=" " ind2=" ">
    <subfield code="a">1991-5292</subfield>
  </datafield>
  <datafield tag="040" ind1=" " ind2=" ">
    <subfield code="a">DO-SdBNP</subfield>
    <subfield code="b">spa</subfield>
    <subfield code="c">BNPHU</subfield>
    <subfield code="e">rda</subfield>
  </datafield>
  <datafield tag="041" ind1=" " ind2=" ">
    <subfield code="h">spa</subfield>
  </datafield>
  <datafield tag="043" ind1=" " ind2=" ">
    <subfield code="a">nwdr</subfield>
  </datafield>
  <datafield tag="245" ind1="0" ind2="0">
    <subfield code="a">Justicia &amp; raz&#xF3;n.</subfield>
  </datafield>
  <datafield tag="264" ind1=" " ind2=" ">
    <subfield code="a">Santo Domingo, Rep&#xFA;blica Dominicana :</subfield>
    <subfield code="b">Poder judicial,</subfield>
    <subfield code="c">2014.</subfield>
  </datafield>
  <datafield tag="300" ind1=" " ind2=" ">
    <subfield code="a">volumen :</subfield>
    <subfield code="b">ilustraciones, fotograf&#xED;as, tablas ;</subfield>
    <subfield code="c">26 cm.</subfield>
  </datafield>
  <datafield tag="310" ind1=" " ind2=" ">
    <subfield code="a">Semestral.</subfield>
  </datafield>
  <datafield tag="336" ind1=" " ind2=" ">
    <subfield code="a">texto</subfield>
    <subfield code="b">txt</subfield>
    <subfield code="2">rdacontent</subfield>
  </datafield>
  <datafield tag="337" ind1=" " ind2=" ">
    <subfield code="a">sin mediaci&#xF3;n </subfield>
    <subfield code="b">n</subfield>
    <subfield code="2">rdamedia</subfield>
  </datafield>
  <datafield tag="338" ind1=" " ind2=" ">
    <subfield code="a">volumen</subfield>
    <subfield code="b">nc</subfield>
    <subfield code="2">rdacarrier</subfield>
  </datafield>
  <datafield tag="362" ind1="1" ind2=" ">
    <subfield code="a">Inicia con: A&#xF1;o.4: No.8. (noviembre, 2014).</subfield>
  </datafield>
  <datafield tag="500" ind1=" " ind2=" ">
    <subfield code="a">Catalogaci&#xF3;n basada en: A&#xF1;o.4: No.8. (noviembre, 2014).</subfield>
  </datafield>
  <datafield tag="500" ind1=" " ind2=" ">
    <subfield code="a">Editora: Yildalina Tatem Brache.</subfield>
  </datafield>
  <datafield tag="650" ind1=" " ind2="4">
    <subfield code="a">Poder judicial</subfield>
    <subfield code="v">Publicaciones peri&#xF3;dicas</subfield>
    <subfield code="z">Rep&#xFA;blica Dominicana</subfield>
    <subfield code="9">74379</subfield>
  </datafield>
  <datafield tag="651" ind1=" " ind2="4">
    <subfield code="a">Rep&#xFA;blica Dominicana</subfield>
    <subfield code="x">Administraci&#xF3;n de Justicia</subfield>
    <subfield code="9">74380</subfield>
  </datafield>
  <datafield tag="700" ind1="1" ind2=" ">
    <subfield code="a">Taten Brache, Yildalina</subfield>
    <subfield code="e">editor</subfield>
    <subfield code="9">74381</subfield>
  </datafield>
  <datafield tag="942" ind1=" " ind2=" ">
    <subfield code="2">ddc</subfield>
    <subfield code="c">ISSUE</subfield>
  </datafield>
  <datafield tag="952" ind1=" " ind2=" ">
    <subfield code="0">0</subfield>
    <subfield code="1">0</subfield>
    <subfield code="2">ddc</subfield>
    <subfield code="4">0</subfield>
    <subfield code="5">6</subfield>
    <subfield code="7">0</subfield>
    <subfield code="8">SE</subfield>
    <subfield code="a">BNPHU</subfield>
    <subfield code="b">BNPHU</subfield>
    <subfield code="d">2025-04-25</subfield>
    <subfield code="h">A&#xF1;o 4, N&#xFA;mero. 8, noviembre 2014</subfield>
    <subfield code="l">0</subfield>
    <subfield code="p">2025-3648</subfield>
    <subfield code="r">2025-04-25</subfield>
    <subfield code="t">e.1</subfield>
    <subfield code="w">2025-04-25</subfield>
    <subfield code="y">ISSUE</subfield>
  </datafield>
  <datafield tag="952" ind1=" " ind2=" ">
    <subfield code="0">0</subfield>
    <subfield code="1">0</subfield>
    <subfield code="2">ddc</subfield>
    <subfield code="4">0</subfield>
    <subfield code="5">6</subfield>
    <subfield code="7">0</subfield>
    <subfield code="8">SE</subfield>
    <subfield code="a">BNPHU</subfield>
    <subfield code="b">BNPHU</subfield>
    <subfield code="d">2025-04-25</subfield>
    <subfield code="h">A&#xF1;o 4, N&#xFA;mero. 8, noviembre 2014</subfield>
    <subfield code="l">0</subfield>
    <subfield code="p">2025-3649</subfield>
    <subfield code="r">2025-04-25</subfield>
    <subfield code="t">e.2</subfield>
    <subfield code="w">2025-04-25</subfield>
    <subfield code="y">ISSUE</subfield>
  </datafield>
  <datafield tag="952" ind1=" " ind2=" ">
    <subfield code="0">0</subfield>
    <subfield code="1">0</subfield>
    <subfield code="2">ddc</subfield>
    <subfield code="4">0</subfield>
    <subfield code="5">6</subfield>
    <subfield code="7">0</subfield>
    <subfield code="8">SE</subfield>
    <subfield code="a">BNPHU</subfield>
    <subfield code="b">BNPHU</subfield>
    <subfield code="d">2025-04-25</subfield>
    <subfield code="h">A&#xF1;o 4, N&#xFA;mero. 8, noviembre 2014</subfield>
    <subfield code="l">0</subfield>
    <subfield code="p">2025-3650</subfield>
    <subfield code="r">2025-04-25</subfield>
    <subfield code="t">e.3</subfield>
    <subfield code="w">2025-04-25</subfield>
    <subfield code="y">ISSUE</subfield>
  </datafield>
  <datafield tag="952" ind1=" " ind2=" ">
    <subfield code="0">0</subfield>
    <subfield code="1">0</subfield>
    <subfield code="2">ddc</subfield>
    <subfield code="4">0</subfield>
    <subfield code="5">6</subfield>
    <subfield code="7">0</subfield>
    <subfield code="8">SE</subfield>
    <subfield code="a">BNPHU</subfield>
    <subfield code="b">BNPHU</subfield>
    <subfield code="d">2025-04-25</subfield>
    <subfield code="h">A&#xF1;o 5, N&#xFA;mero. 9, mayo 2015</subfield>
    <subfield code="l">0</subfield>
    <subfield code="p">2025-3651</subfield>
    <subfield code="r">2025-04-25</subfield>
    <subfield code="t">e.1</subfield>
    <subfield code="w">2025-04-25</subfield>
    <subfield code="y">ISSUE</subfield>
  </datafield>
  <datafield tag="952" ind1=" " ind2=" ">
    <subfield code="0">0</subfield>
    <subfield code="1">0</subfield>
    <subfield code="2">ddc</subfield>
    <subfield code="4">0</subfield>
    <subfield code="5">6</subfield>
    <subfield code="7">0</subfield>
    <subfield code="8">SE</subfield>
    <subfield code="a">BNPHU</subfield>
    <subfield code="b">BNPHU</subfield>
    <subfield code="d">2025-04-25</subfield>
    <subfield code="h">A&#xF1;o 5, N&#xFA;mero. 9, mayo 2015</subfield>
    <subfield code="l">0</subfield>
    <subfield code="p">2025-3652</subfield>
    <subfield code="r">2025-04-25</subfield>
    <subfield code="t">e.2</subfield>
    <subfield code="w">2025-04-25</subfield>
    <subfield code="y">ISSUE</subfield>
  </datafield>
  <datafield tag="952" ind1=" " ind2=" ">
    <subfield code="0">0</subfield>
    <subfield code="1">0</subfield>
    <subfield code="2">ddc</subfield>
    <subfield code="4">0</subfield>
    <subfield code="5">6</subfield>
    <subfield code="7">0</subfield>
    <subfield code="8">SE</subfield>
    <subfield code="a">BNPHU</subfield>
    <subfield code="b">BNPHU</subfield>
    <subfield code="d">2025-04-25</subfield>
    <subfield code="h">A&#xF1;o 5, N&#xFA;mero. 9, mayo 2015</subfield>
    <subfield code="l">0</subfield>
    <subfield code="p">2025-3653</subfield>
    <subfield code="r">2025-04-25</subfield>
    <subfield code="t">e.3</subfield>
    <subfield code="w">2025-04-25</subfield>
    <subfield code="y">ISSUE</subfield>
  </datafield>
  <datafield tag="952" ind1=" " ind2=" ">
    <subfield code="0">0</subfield>
    <subfield code="1">0</subfield>
    <subfield code="2">ddc</subfield>
    <subfield code="4">0</subfield>
    <subfield code="5">6</subfield>
    <subfield code="7">0</subfield>
    <subfield code="8">SE</subfield>
    <subfield code="a">BNPHU</subfield>
    <subfield code="b">BNPHU</subfield>
    <subfield code="d">2025-04-25</subfield>
    <subfield code="h">A&#xF1;o 5, N&#xFA;mero. 10, noviembre 2015</subfield>
    <subfield code="l">0</subfield>
    <subfield code="p">2025-3654</subfield>
    <subfield code="r">2025-04-25</subfield>
    <subfield code="t">e.1</subfield>
    <subfield code="w">2025-04-25</subfield>
    <subfield code="y">ISSUE</subfield>
  </datafield>
  <datafield tag="952" ind1=" " ind2=" ">
    <subfield code="0">0</subfield>
    <subfield code="1">0</subfield>
    <subfield code="2">ddc</subfield>
    <subfield code="4">0</subfield>
    <subfield code="5">6</subfield>
    <subfield code="7">0</subfield>
    <subfield code="8">SE</subfield>
    <subfield code="a">BNPHU</subfield>
    <subfield code="b">BNPHU</subfield>
    <subfield code="d">2025-04-25</subfield>
    <subfield code="h">A&#xF1;o 5, N&#xFA;mero. 10, noviembre 2015</subfield>
    <subfield code="l">0</subfield>
    <subfield code="p">2025-3655</subfield>
    <subfield code="r">2025-04-25</subfield>
    <subfield code="t">e.2</subfield>
    <subfield code="w">2025-04-25</subfield>
    <subfield code="y">ISSUE</subfield>
  </datafield>
  <datafield tag="952" ind1=" " ind2=" ">
    <subfield code="0">0</subfield>
    <subfield code="1">0</subfield>
    <subfield code="2">ddc</subfield>
    <subfield code="4">0</subfield>
    <subfield code="5">6</subfield>
    <subfield code="7">0</subfield>
    <subfield code="8">SE</subfield>
    <subfield code="a">BNPHU</subfield>
    <subfield code="b">BNPHU</subfield>
    <subfield code="d">2025-04-25</subfield>
    <subfield code="h">A&#xF1;o 5, N&#xFA;mero. 10, noviembre 2015</subfield>
    <subfield code="l">0</subfield>
    <subfield code="p">2025-3656</subfield>
    <subfield code="r">2025-04-25</subfield>
    <subfield code="t">e.3</subfield>
    <subfield code="w">2025-04-25</subfield>
    <subfield code="y">ISSUE</subfield>
  </datafield>
  <datafield tag="952" ind1=" " ind2=" ">
    <subfield code="0">0</subfield>
    <subfield code="1">0</subfield>
    <subfield code="2">ddc</subfield>
    <subfield code="4">0</subfield>
    <subfield code="5">6</subfield>
    <subfield code="7">0</subfield>
    <subfield code="8">SE</subfield>
    <subfield code="a">BNPHU</subfield>
    <subfield code="b">BNPHU</subfield>
    <subfield code="d">2025-04-25</subfield>
    <subfield code="h">A&#xF1;o 6, N&#xFA;mero. 11, junio 2015</subfield>
    <subfield code="l">0</subfield>
    <subfield code="p">2025-3657</subfield>
    <subfield code="r">2025-04-25</subfield>
    <subfield code="t">e.1</subfield>
    <subfield code="w">2025-04-25</subfield>
    <subfield code="y">ISSUE</subfield>
  </datafield>
  <datafield tag="952" ind1=" " ind2=" ">
    <subfield code="0">0</subfield>
    <subfield code="1">0</subfield>
    <subfield code="2">ddc</subfield>
    <subfield code="4">0</subfield>
    <subfield code="5">6</subfield>
    <subfield code="7">0</subfield>
    <subfield code="8">SE</subfield>
    <subfield code="a">BNPHU</subfield>
    <subfield code="b">BNPHU</subfield>
    <subfield code="d">2025-04-25</subfield>
    <subfield code="h">A&#xF1;o 6, N&#xFA;mero. 11, junio 2015</subfield>
    <subfield code="l">0</subfield>
    <subfield code="p">2025-3658</subfield>
    <subfield code="r">2025-04-25</subfield>
    <subfield code="t">e.2</subfield>
    <subfield code="w">2025-04-25</subfield>
    <subfield code="y">ISSUE</subfield>
  </datafield>
  <datafield tag="952" ind1=" " ind2=" ">
    <subfield code="0">0</subfield>
    <subfield code="1">0</subfield>
    <subfield code="2">ddc</subfield>
    <subfield code="4">0</subfield>
    <subfield code="5">6</subfield>
    <subfield code="7">0</subfield>
    <subfield code="8">SE</subfield>
    <subfield code="a">BNPHU</subfield>
    <subfield code="b">BNPHU</subfield>
    <subfield code="d">2025-04-25</subfield>
    <subfield code="h">A&#xF1;o 6, N&#xFA;mero. 11, junio 2015</subfield>
    <subfield code="l">0</subfield>
    <subfield code="p">2025-3659</subfield>
    <subfield code="r">2025-04-25</subfield>
    <subfield code="t">e.3</subfield>
    <subfield code="w">2025-04-25</subfield>
    <subfield code="y">ISSUE</subfield>
  </datafield>
  <datafield tag="952" ind1=" " ind2=" ">
    <subfield code="0">0</subfield>
    <subfield code="1">0</subfield>
    <subfield code="2">ddc</subfield>
    <subfield code="4">0</subfield>
    <subfield code="5">6</subfield>
    <subfield code="7">0</subfield>
    <subfield code="8">SE</subfield>
    <subfield code="a">BNPHU</subfield>
    <subfield code="b">BNPHU</subfield>
    <subfield code="d">2025-04-25</subfield>
    <subfield code="h">A&#xF1;o 6, N&#xFA;mero. 11, junio 2015</subfield>
    <subfield code="l">0</subfield>
    <subfield code="p">2025-3660</subfield>
    <subfield code="r">2025-04-25</subfield>
    <subfield code="t">e.4</subfield>
    <subfield code="w">2025-04-25</subfield>
    <subfield code="y">ISSUE</subfield>
  </datafield>
  <datafield tag="952" ind1=" " ind2=" ">
    <subfield code="0">0</subfield>
    <subfield code="1">0</subfield>
    <subfield code="2">ddc</subfield>
    <subfield code="4">0</subfield>
    <subfield code="5">6</subfield>
    <subfield code="7">0</subfield>
    <subfield code="8">SE</subfield>
    <subfield code="a">BNPHU</subfield>
    <subfield code="b">BNPHU</subfield>
    <subfield code="d">2025-04-25</subfield>
    <subfield code="h">A&#xF1;o 6, N&#xFA;mero. 12, julio-diciembre 2016</subfield>
    <subfield code="l">0</subfield>
    <subfield code="p">2025-3661</subfield>
    <subfield code="r">2025-04-25</subfield>
    <subfield code="t">e.1</subfield>
    <subfield code="w">2025-04-25</subfield>
    <subfield code="y">ISSUE</subfield>
  </datafield>
  <datafield tag="952" ind1=" " ind2=" ">
    <subfield code="0">0</subfield>
    <subfield code="1">0</subfield>
    <subfield code="2">ddc</subfield>
    <subfield code="4">0</subfield>
    <subfield code="5">6</subfield>
    <subfield code="7">0</subfield>
    <subfield code="8">SE</subfield>
    <subfield code="a">BNPHU</subfield>
    <subfield code="b">BNPHU</subfield>
    <subfield code="d">2025-04-25</subfield>
    <subfield code="h">A&#xF1;o 6, N&#xFA;mero. 12, julio-diciembre 2016</subfield>
    <subfield code="l">0</subfield>
    <subfield code="p">2025-3662</subfield>
    <subfield code="r">2025-04-25</subfield>
    <subfield code="t">e.2</subfield>
    <subfield code="w">2025-04-25</subfield>
    <subfield code="y">ISSUE</subfield>
  </datafield>
  <datafield tag="952" ind1=" " ind2=" ">
    <subfield code="0">0</subfield>
    <subfield code="1">0</subfield>
    <subfield code="2">ddc</subfield>
    <subfield code="4">0</subfield>
    <subfield code="5">6</subfield>
    <subfield code="7">0</subfield>
    <subfield code="8">SE</subfield>
    <subfield code="a">BNPHU</subfield>
    <subfield code="b">BNPHU</subfield>
    <subfield code="d">2025-04-25</subfield>
    <subfield code="h">A&#xF1;o 6, N&#xFA;mero. 12, julio-diciembre 2016</subfield>
    <subfield code="l">0</subfield>
    <subfield code="p">2025-3663</subfield>
    <subfield code="r">2025-04-25</subfield>
    <subfield code="t">e.3</subfield>
    <subfield code="w">2025-04-25</subfield>
    <subfield code="y">ISSUE</subfield>
  </datafield>
  <datafield tag="952" ind1=" " ind2=" ">
    <subfield code="0">0</subfield>
    <subfield code="1">0</subfield>
    <subfield code="2">ddc</subfield>
    <subfield code="4">0</subfield>
    <subfield code="5">6</subfield>
    <subfield code="7">0</subfield>
    <subfield code="8">SE</subfield>
    <subfield code="a">BNPHU</subfield>
    <subfield code="b">BNPHU</subfield>
    <subfield code="d">2025-04-25</subfield>
    <subfield code="h">A&#xF1;o 7, N&#xFA;mero. 13, enero-junio 2017</subfield>
    <subfield code="l">0</subfield>
    <subfield code="p">2025-3664</subfield>
    <subfield code="r">2025-04-25</subfield>
    <subfield code="t">e.1</subfield>
    <subfield code="w">2025-04-25</subfield>
    <subfield code="y">ISSUE</subfield>
  </datafield>
  <datafield tag="952" ind1=" " ind2=" ">
    <subfield code="0">0</subfield>
    <subfield code="1">0</subfield>
    <subfield code="2">ddc</subfield>
    <subfield code="4">0</subfield>
    <subfield code="5">6</subfield>
    <subfield code="7">0</subfield>
    <subfield code="8">SE</subfield>
    <subfield code="a">BNPHU</subfield>
    <subfield code="b">BNPHU</subfield>
    <subfield code="d">2025-04-25</subfield>
    <subfield code="h">A&#xF1;o 7, N&#xFA;mero. 13, enero-junio 2017</subfield>
    <subfield code="l">0</subfield>
    <subfield code="p">2025-3665</subfield>
    <subfield code="r">2025-04-25</subfield>
    <subfield code="t">e.2</subfield>
    <subfield code="w">2025-04-25</subfield>
    <subfield code="y">ISSUE</subfield>
  </datafield>
  <datafield tag="952" ind1=" " ind2=" ">
    <subfield code="0">0</subfield>
    <subfield code="1">0</subfield>
    <subfield code="2">ddc</subfield>
    <subfield code="4">0</subfield>
    <subfield code="5">6</subfield>
    <subfield code="7">0</subfield>
    <subfield code="8">SE</subfield>
    <subfield code="a">BNPHU</subfield>
    <subfield code="b">BNPHU</subfield>
    <subfield code="d">2025-04-25</subfield>
    <subfield code="h">A&#xF1;o 7, N&#xFA;mero. 13, enero-junio 2017</subfield>
    <subfield code="l">0</subfield>
    <subfield code="p">2025-3666</subfield>
    <subfield code="r">2025-04-25</subfield>
    <subfield code="t">e.3</subfield>
    <subfield code="w">2025-04-25</subfield>
    <subfield code="y">ISSUE</subfield>
  </datafield>
  <datafield tag="952" ind1=" " ind2=" ">
    <subfield code="0">0</subfield>
    <subfield code="1">0</subfield>
    <subfield code="2">ddc</subfield>
    <subfield code="4">0</subfield>
    <subfield code="5">6</subfield>
    <subfield code="7">0</subfield>
    <subfield code="8">SE</subfield>
    <subfield code="a">BNPHU</subfield>
    <subfield code="b">BNPHU</subfield>
    <subfield code="d">2025-04-25</subfield>
    <subfield code="h">A&#xF1;o 7, N&#xFA;mero. 14, julio-diciembre 2017</subfield>
    <subfield code="l">0</subfield>
    <subfield code="p">2025-3667</subfield>
    <subfield code="r">2025-04-25</subfield>
    <subfield code="t">e.1</subfield>
    <subfield code="w">2025-04-25</subfield>
    <subfield code="y">ISSUE</subfield>
  </datafield>
  <datafield tag="952" ind1=" " ind2=" ">
    <subfield code="0">0</subfield>
    <subfield code="1">0</subfield>
    <subfield code="2">ddc</subfield>
    <subfield code="4">0</subfield>
    <subfield code="5">6</subfield>
    <subfield code="7">0</subfield>
    <subfield code="8">SE</subfield>
    <subfield code="a">BNPHU</subfield>
    <subfield code="b">BNPHU</subfield>
    <subfield code="d">2025-04-25</subfield>
    <subfield code="h">A&#xF1;o 7, N&#xFA;mero. 14, julio-diciembre 2017</subfield>
    <subfield code="l">0</subfield>
    <subfield code="p">2025-3668</subfield>
    <subfield code="r">2025-04-25</subfield>
    <subfield code="t">e.2</subfield>
    <subfield code="w">2025-04-25</subfield>
    <subfield code="y">ISSUE</subfield>
  </datafield>
  <datafield tag="952" ind1=" " ind2=" ">
    <subfield code="0">0</subfield>
    <subfield code="1">0</subfield>
    <subfield code="2">ddc</subfield>
    <subfield code="4">0</subfield>
    <subfield code="5">6</subfield>
    <subfield code="7">0</subfield>
    <subfield code="8">SE</subfield>
    <subfield code="a">BNPHU</subfield>
    <subfield code="b">BNPHU</subfield>
    <subfield code="d">2025-04-25</subfield>
    <subfield code="h">A&#xF1;o 7, N&#xFA;mero. 14, julio-diciembre 2017</subfield>
    <subfield code="l">0</subfield>
    <subfield code="p">2025-3669</subfield>
    <subfield code="r">2025-04-25</subfield>
    <subfield code="t">e.3</subfield>
    <subfield code="w">2025-04-25</subfield>
    <subfield code="y">ISSUE</subfield>
  </datafield>
  <datafield tag="952" ind1=" " ind2=" ">
    <subfield code="0">0</subfield>
    <subfield code="1">0</subfield>
    <subfield code="2">ddc</subfield>
    <subfield code="4">0</subfield>
    <subfield code="5">6</subfield>
    <subfield code="7">0</subfield>
    <subfield code="8">SE</subfield>
    <subfield code="a">BNPHU</subfield>
    <subfield code="b">BNPHU</subfield>
    <subfield code="d">2025-04-25</subfield>
    <subfield code="h">A&#xF1;o 8, N&#xFA;mero. 15, enero-junio 2018</subfield>
    <subfield code="l">0</subfield>
    <subfield code="p">2025-3670</subfield>
    <subfield code="r">2025-04-25</subfield>
    <subfield code="t">e.1</subfield>
    <subfield code="w">2025-04-25</subfield>
    <subfield code="y">ISSUE</subfield>
  </datafield>
  <datafield tag="952" ind1=" " ind2=" ">
    <subfield code="0">0</subfield>
    <subfield code="1">0</subfield>
    <subfield code="2">ddc</subfield>
    <subfield code="4">0</subfield>
    <subfield code="5">6</subfield>
    <subfield code="7">0</subfield>
    <subfield code="8">SE</subfield>
    <subfield code="a">BNPHU</subfield>
    <subfield code="b">BNPHU</subfield>
    <subfield code="d">2025-04-25</subfield>
    <subfield code="h">A&#xF1;o 8, N&#xFA;mero. 15, enero-junio 2018</subfield>
    <subfield code="l">0</subfield>
    <subfield code="p">2025-3671</subfield>
    <subfield code="r">2025-04-25</subfield>
    <subfield code="t">e.2</subfield>
    <subfield code="w">2025-04-25</subfield>
    <subfield code="y">ISSUE</subfield>
  </datafield>
  <datafield tag="952" ind1=" " ind2=" ">
    <subfield code="0">0</subfield>
    <subfield code="1">0</subfield>
    <subfield code="2">ddc</subfield>
    <subfield code="4">0</subfield>
    <subfield code="5">6</subfield>
    <subfield code="7">0</subfield>
    <subfield code="8">SE</subfield>
    <subfield code="a">BNPHU</subfield>
    <subfield code="b">BNPHU</subfield>
    <subfield code="d">2025-04-25</subfield>
    <subfield code="h">A&#xF1;o 8, N&#xFA;mero. 15, enero-junio 2018</subfield>
    <subfield code="l">0</subfield>
    <subfield code="p">2025-3672</subfield>
    <subfield code="r">2025-04-25</subfield>
    <subfield code="t">e.3</subfield>
    <subfield code="w">2025-04-25</subfield>
    <subfield code="y">ISSUE</subfield>
  </datafield>
  <datafield tag="952" ind1=" " ind2=" ">
    <subfield code="0">0</subfield>
    <subfield code="1">0</subfield>
    <subfield code="2">ddc</subfield>
    <subfield code="4">0</subfield>
    <subfield code="5">6</subfield>
    <subfield code="7">0</subfield>
    <subfield code="8">SE</subfield>
    <subfield code="a">BNPHU</subfield>
    <subfield code="b">BNPHU</subfield>
    <subfield code="d">2025-04-25</subfield>
    <subfield code="h">A&#xF1;o 8, N&#xFA;mero. 16, julio-diciembre 2018</subfield>
    <subfield code="l">0</subfield>
    <subfield code="p">2025-3673</subfield>
    <subfield code="r">2025-04-25</subfield>
    <subfield code="t">e.1</subfield>
    <subfield code="w">2025-04-25</subfield>
    <subfield code="y">ISSUE</subfield>
  </datafield>
  <datafield tag="952" ind1=" " ind2=" ">
    <subfield code="0">0</subfield>
    <subfield code="1">0</subfield>
    <subfield code="2">ddc</subfield>
    <subfield code="4">0</subfield>
    <subfield code="5">6</subfield>
    <subfield code="7">0</subfield>
    <subfield code="8">SE</subfield>
    <subfield code="a">BNPHU</subfield>
    <subfield code="b">BNPHU</subfield>
    <subfield code="d">2025-04-25</subfield>
    <subfield code="h">A&#xF1;o 8, N&#xFA;mero. 16, julio-diciembre 2018</subfield>
    <subfield code="l">0</subfield>
    <subfield code="p">2025-3674</subfield>
    <subfield code="r">2025-04-25</subfield>
    <subfield code="t">e.2</subfield>
    <subfield code="w">2025-04-25</subfield>
    <subfield code="y">ISSUE</subfield>
  </datafield>
  <datafield tag="952" ind1=" " ind2=" ">
    <subfield code="0">0</subfield>
    <subfield code="1">0</subfield>
    <subfield code="2">ddc</subfield>
    <subfield code="4">0</subfield>
    <subfield code="5">6</subfield>
    <subfield code="7">0</subfield>
    <subfield code="8">SE</subfield>
    <subfield code="a">BNPHU</subfield>
    <subfield code="b">BNPHU</subfield>
    <subfield code="d">2025-04-25</subfield>
    <subfield code="h">A&#xF1;o 8, N&#xFA;mero. 16, julio-diciembre 2018</subfield>
    <subfield code="l">0</subfield>
    <subfield code="p">2025-3675</subfield>
    <subfield code="r">2025-04-25</subfield>
    <subfield code="t">e.3</subfield>
    <subfield code="w">2025-04-25</subfield>
    <subfield code="y">ISSUE</subfield>
  </datafield>
  <datafield tag="952" ind1=" " ind2=" ">
    <subfield code="0">0</subfield>
    <subfield code="1">0</subfield>
    <subfield code="2">ddc</subfield>
    <subfield code="4">0</subfield>
    <subfield code="5">6</subfield>
    <subfield code="7">0</subfield>
    <subfield code="8">SE</subfield>
    <subfield code="a">BNPHU</subfield>
    <subfield code="b">BNPHU</subfield>
    <subfield code="d">2025-04-25</subfield>
    <subfield code="h">A&#xF1;o 9, N&#xFA;mero. 17, enero-junio 2019</subfield>
    <subfield code="l">0</subfield>
    <subfield code="p">2025-3677</subfield>
    <subfield code="r">2025-04-25</subfield>
    <subfield code="t">e.1</subfield>
    <subfield code="w">2025-04-25</subfield>
    <subfield code="y">ISSUE</subfield>
  </datafield>
  <datafield tag="952" ind1=" " ind2=" ">
    <subfield code="0">0</subfield>
    <subfield code="1">0</subfield>
    <subfield code="2">ddc</subfield>
    <subfield code="4">0</subfield>
    <subfield code="5">6</subfield>
    <subfield code="7">0</subfield>
    <subfield code="8">SE</subfield>
    <subfield code="a">BNPHU</subfield>
    <subfield code="b">BNPHU</subfield>
    <subfield code="d">2025-04-25</subfield>
    <subfield code="h">A&#xF1;o 9, N&#xFA;mero. 17, enero-junio 2019</subfield>
    <subfield code="l">0</subfield>
    <subfield code="p">2025-3678</subfield>
    <subfield code="r">2025-04-25</subfield>
    <subfield code="t">e.2</subfield>
    <subfield code="w">2025-04-25</subfield>
    <subfield code="y">ISSUE</subfield>
  </datafield>
  <datafield tag="952" ind1=" " ind2=" ">
    <subfield code="0">0</subfield>
    <subfield code="1">0</subfield>
    <subfield code="2">ddc</subfield>
    <subfield code="4">0</subfield>
    <subfield code="5">6</subfield>
    <subfield code="7">0</subfield>
    <subfield code="8">SE</subfield>
    <subfield code="a">BNPHU</subfield>
    <subfield code="b">BNPHU</subfield>
    <subfield code="d">2025-04-25</subfield>
    <subfield code="h">A&#xF1;o 9, N&#xFA;mero. 17, enero-junio 2019</subfield>
    <subfield code="l">0</subfield>
    <subfield code="p">2025-3679</subfield>
    <subfield code="r">2025-04-25</subfield>
    <subfield code="t">e.3</subfield>
    <subfield code="w">2025-04-25</subfield>
    <subfield code="y">ISSUE</subfield>
  </datafield>
  <datafield tag="999" ind1=" " ind2=" ">
    <subfield code="c">45841</subfield>
    <subfield code="d">45841</subfield>
  </datafield>
</record>
